000 007820000a22002170004500
005 20081031105013.0
008 081031t xxu||||| |||| 00| 0 eng d
010 _aENG-84355
020 _a8178802007
020 _c450.00 (hb)
035 _aEN-67888
082 _a332.1 / ROY
100 _aRoy, Durgadas
245 _aRural banking and agricultural finance in India
_bpromise and reality /
_cby Durgadas Roy
260 _aNew Delhi
_bRajat Publications
260 _c2006
300 _a202p
_c22cm
500 _aIncludes bibliographical references and index
942 _2ddc
_cEN
_h332.1
_mROY
999 _c17689
_d17689